000 01159naa a22003257a 4500
001 BR8405229
003 BR-BrBNA
005 20240918175453.0
007 ta
008 230509b bl.||||| |||| 00| 0 por d
040 _aBR-BrBNA
_bpor
_cBiblioteca Nacional de Agricultura
041 _a(Pt)
072 _aF01; E70; D50
_b0230
_b3530
_bG514
090 _aF01 BR8405229
100 1 _aGheller, A.C.
100 1 _aMasuda, Y.
111 1 _a1. Seminario Paulista de Sementes e Mudas
_cSao Paulo, SP (Brazil)
_d10-12 Dec 1984
245 1 _aSugestoes para elaboracao de normas para a producao de mudas de cana-de-acucar
260 3 _aSao Paulo, SP (Brasil):
_c1984.
500 _aAnais do 1. Seminario Paulista de Sementes e Mudas Sao Paulo, SP (Brasil): 1984. p. 229-245 (BR8405229-AM)F01
650 _aCANA DE ACUCAR
650 _aMUDA
650 _aINSPECAO SANITARIA
650 _aCONTROLE DE QUALIDADE
650 _aDEFESA VEGETAL
650 _aDECRETO
773 0 _tAnais do 1. Seminario Paulista de Sementes e Mudas
_wF01 BR8405229
_gSao Paulo, SP (Brasil), 1984. p. 229-245
909 _a202404
_bLucia
_c55
_dLucia Elande
942 _cAM
_2AGRIS
999 _c316885
_d316885